000
00320nam a2200133Ia 4500
008
191201s2005 xx 000 0 und d
100
_a
Pradhan, Homat
245
0
_a
Business Communication
250
_a
4th
260
_c
2005
_b
Himala Publication House
_a
N.Delhi
300
_a
471
650
_a
MBA
942
_2
ddc
_c
BB
_0
34
999
_c
7208
_d
7208